LEADER 01204cam0 2200313 450 001 E600200002619 005 20260205090949.0 100 $a20040526d1964 |||||ita|0103 ba 101 $aita 102 $aIT 200 1 $aWassily Kandinsky$f[testi di Peter Anselm Riedl] 210 $aMilano$cFabbri$d1964 215 $a[8] p., XVI c. di tav.$cill.$d36 cm 225 2 $amaestri del colore$v43 410 1$1001LAEC00020216$12001 $aI *maestri del colore$v43 500 10$aWassily Kandinsky$3SOBA00036902$91488143 700 1$aKandinskij$b, Vasilij Vasil?evi?$3AF00005659$4070$0444229 702 1$aRiedl, Peter Anselm$3AF00020638$4070 801 0$aIT$bUNISOB$c20260205$gRICA 850 $aUNISOB 852 $aUNISOB$j700|Coll|48|K$m84218 852 $aUNISOB$jFondo|Calì$m184881 912 $aE600200002619 940 $aM 102 Monografia moderna SBN 941 $aM 957 $a700|Coll|48|K$b000043$gSI$d84218$racquisto$1vasca$2UNISOB$3UNISOB$420040526075714.0$520230711103755.0$6Spinosa 957 $aFondo|Calì$b002376$gSI$d184881$n20250710$hCali$rDono$tN$1rovito$2UNISOB$3UNISOB$420260205084221.0$520260205084304.0$6rovito 996 $aWassily Kandinsky$91488143 997 $aUNISOB